| 000 | 00791nam a2200205 a 4500 | ||
|---|---|---|---|
| 003 | PILC | ||
| 005 | 20150112093428.0 | ||
| 008 | 100713s19uu xx 00 eng d | ||
| 020 | _a9780201924787 | ||
| 050 |
_aQA 76.76.A65 _b.C665 1999 |
||
| 082 |
_aCSF 005.1 _bC76 1999 |
||
| 100 |
_aConstantine, Larry L. _95693 |
||
| 245 |
_aSoftware for use : _ba practical guide to the models and methods of usage-centered design / _cLarry L. Constantine, Lucy A.D. Lockwood. |
||
| 260 |
_aNew York : _bAssociation for Computing Machionery, Inc, _c1999. |
||
| 300 |
_a579 pages : _billustration ; _c24 cm. |
||
| 500 | _aIncludes bibliographical references and index. | ||
| 650 |
_aApplication software-Development _xSystem application _95694 |
||
| 700 |
_aLockwood, Lucy A.D. _95695 |
||
| 942 |
_2lcc _cBK |
||
| 999 |
_c14256 _d14256 |
||